| 000 -LEADER |
| fixed length control field |
05614cam a22005895i 4500 |
| 001 - CONTROL NUMBER |
| control field |
21937551 |
| 005 - DATE AND TIME OF LATEST TRANSACTION |
| control field |
20260101151804.0 |
| 006 - FIXED-LENGTH DATA ELEMENTS--ADDITIONAL MATERIAL CHARACTERISTICS |
| fixed length control field |
m |o d | |
| 007 - PHYSICAL DESCRIPTION FIXED FIELD--GENERAL INFORMATION |
| fixed length control field |
cr ||||||||||| |
| 008 - FIXED-LENGTH DATA ELEMENTS--GENERAL INFORMATION |
| fixed length control field |
181219s2018 gw |||| o |||| 0|eng |
| 010 ## - LIBRARY OF CONGRESS CONTROL NUMBER |
| LC control number |
2019768567 |
| 020 ## - INTERNATIONAL STANDARD BOOK NUMBER |
| International Standard Book Number |
9783319997285 |
| 024 7# - OTHER STANDARD IDENTIFIER |
| Standard number or code |
10.1007/978-3-319-99728-5 |
| Source of number or code |
doi |
| 035 ## - SYSTEM CONTROL NUMBER |
| System control number |
21937551 |
| 035 ## - SYSTEM CONTROL NUMBER |
| System control number |
(DE-He213)978-3-319-99728-5 |
| 040 ## - CATALOGING SOURCE |
| Original cataloging agency |
DLC |
| Language of cataloging |
eng |
| Description conventions |
pn |
| -- |
rda |
| Transcribing agency |
DLC |
| 072 #7 - SUBJECT CATEGORY CODE |
| Subject category code |
PST |
| Source |
thema |
| 072 #7 - SUBJECT CATEGORY CODE |
| Subject category code |
PSTS |
| Source |
bicssc |
| 072 #7 - SUBJECT CATEGORY CODE |
| Subject category code |
SCI020000 |
| Source |
bisacsh |
| 082 04 - DEWEY DECIMAL CLASSIFICATION NUMBER |
| Classification number |
581.7 |
| Edition number |
23 |
| 245 00 - TITLE STATEMENT |
| Title |
Vegetation of Central Asia and Environs / |
| Statement of responsibility, etc. |
edited by Dilfuza Egamberdieva, Münir Öztürk. |
| 250 ## - EDITION STATEMENT |
| Edition statement |
1st ed. 2018. |
| 264 #1 - PRODUCTION, PUBLICATION, DISTRIBUTION, MANUFACTURE, AND COPYRIGHT NOTICE |
| Place of production, publication, distribution, manufacture |
Cham : |
| Name of producer, publisher, distributor, manufacturer |
Springer International Publishing : |
| -- |
Imprint: Springer, |
| Date of production, publication, distribution, manufacture, or copyright notice |
2018. |
| 300 ## - PHYSICAL DESCRIPTION |
| Extent |
1 online resource (XXII, 381 pages 114 illustrations, 98 illustrations in color.) |
| 336 ## - CONTENT TYPE |
| Content type term |
text |
| Content type code |
txt |
| Source |
rdacontent |
| 337 ## - MEDIA TYPE |
| Media type term |
computer |
| Media type code |
c |
| Source |
rdamedia |
| 338 ## - CARRIER TYPE |
| Carrier type term |
online resource |
| Carrier type code |
cr |
| Source |
rdacarrier |
| 347 ## - DIGITAL FILE CHARACTERISTICS |
| File type |
text file |
| Encoding format |
PDF |
| Source |
rda |
| 505 0# - FORMATTED CONTENTS NOTE |
| Formatted contents note |
1. Spatio-temporal Assessment of Vegetation Trends in the Post-Soviet Central Asia -- 2. Drought variability and land degradation in Central Asia: assessment using remote sensing data and drought indices -- 3. NDVI-based monitoring a long term vegetation change dynamics in the drylands of Central Asia -- 4. Deforestation - A Continuous Battle: Case Study from Central Asia and Other Countries -- 5. Vegetation Classification and Habitat Mapping of Dachigam National Park, Kashmir, India -- 6. Vegetation Diversity of Kashmir and its Sustainable Use -- 7. Medicinal Plants of Tajikistan -- 8. Medicinal Plants of Uzbekistan and Their Traditional Use -- 9. Current State and Prospects for Studies on the Diversity of Medicinal Flora in Kazakhstan -- 10. Medicinally Important Plants of Kazakhstan -- 11. Causes and Impacts of Land Degradation and Desrtification: Case Study from Kazakhstan -- 12. Assessment of the current plant diversity status in Kazakhstan -- 13. Ecology and Environmental Aspects of "Makmalzoloto" Gold Mining Area-Kyrgyzstan -- 14. Floodplain forest mapping with Sentinel-2 imagery: Case study of Naryn River, Kyrgyzstan -- 15. Potential Impacts of Climate Change on Plant Diversity of Sary-Chelek Biosphere Reserve in Kyrgyzstan -- 16. Plant Diversity of Ala-Archa National Park in Kyrgyzstan with Emphasis on its Economical Potential. |
| 520 ## - SUMMARY, ETC. |
| Summary, etc. |
Central Asia is a large and understudied region of varied geography, ranging from the high passes and mountains of Tian Shan, to the vast deserts of Kyzyl Kum, Taklamakan to the grassy treeles steppes. This region is faced with adverse conditions, as much of the land is too dry or rugged for farming. Additionally, the rich specific and intraspecific diversity of fruit trees and medicinal plants is threatened by overgrazing, oil and mineral extraction, and poaching. Countless species from the approximately 20 ecosystems and 6000 plant taxa are now rare and endangered. Traditional vegetation studies in this region are far from adequate to handle complex issues such as soil mass movement, soil sodicity and salinity, biodiversity conservation, and grazing management. However, data analysis using a Geographical Information System (GIS) tool provides new insights into the vegetation of this region and opens up new opportunities for long-term sustainable management. While vegetation planning can occur at a property scale, it is often necessary for certain factors, such as salinity, to be dealt with on a regional scale to ensure their effective management. GIS increases the effectiveness and accuracy of vegetation planning in a region. Such regional planning will also greatly increases biodiversity values. This book systematically explores these issues and discuses new applications and approaches for overcoming these issues, including the application of GIS techniques for sustainable management and planning. Professional researchers as well as students and teachers of agriculture and ecology will find this volume to be an integral resource for studying the vegetation of Central Asia. |
| 588 ## - SOURCE OF DESCRIPTION NOTE |
| Source of description note |
Description based on publisher-supplied MARC data. |
| 650 #0 - SUBJECT ADDED ENTRY--TOPICAL TERM |
| Topical term or geographic name entry element |
Agriculture. |
| 9 (RLIN) |
25855 |
| 650 #0 - SUBJECT ADDED ENTRY--TOPICAL TERM |
| Topical term or geographic name entry element |
Environmental monitoring. |
| 650 #0 - SUBJECT ADDED ENTRY--TOPICAL TERM |
| Topical term or geographic name entry element |
Plant biochemistry. |
| 9 (RLIN) |
132548 |
| 650 #0 - SUBJECT ADDED ENTRY--TOPICAL TERM |
| Topical term or geographic name entry element |
Plant ecology. |
| 9 (RLIN) |
132686 |
| 650 #0 - SUBJECT ADDED ENTRY--TOPICAL TERM |
| Topical term or geographic name entry element |
Plant systematics. |
| 9 (RLIN) |
132687 |
| 650 #0 - SUBJECT ADDED ENTRY--TOPICAL TERM |
| Topical term or geographic name entry element |
Plant taxonomy. |
| 9 (RLIN) |
132688 |
| 650 #0 - SUBJECT ADDED ENTRY--TOPICAL TERM |
| Topical term or geographic name entry element |
Remote sensing. |
| 650 14 - SUBJECT ADDED ENTRY--TOPICAL TERM |
| Topical term or geographic name entry element |
Plant Ecology. |
| Authority record control number or standard number |
https://scigraph.springernature.com/ontologies/product-market-codes/L19112 |
| 9 (RLIN) |
132689 |
| 650 24 - SUBJECT ADDED ENTRY--TOPICAL TERM |
| Topical term or geographic name entry element |
Agriculture. |
| Authority record control number or standard number |
https://scigraph.springernature.com/ontologies/product-market-codes/L11006 |
| 9 (RLIN) |
25855 |
| 650 24 - SUBJECT ADDED ENTRY--TOPICAL TERM |
| Topical term or geographic name entry element |
Monitoring/Environmental Analysis. |
| Authority record control number or standard number |
https://scigraph.springernature.com/ontologies/product-market-codes/U1400X |
| 9 (RLIN) |
30445 |
| 650 24 - SUBJECT ADDED ENTRY--TOPICAL TERM |
| Topical term or geographic name entry element |
Plant Biochemistry. |
| Authority record control number or standard number |
https://scigraph.springernature.com/ontologies/product-market-codes/L14021 |
| 9 (RLIN) |
132548 |
| 650 24 - SUBJECT ADDED ENTRY--TOPICAL TERM |
| Topical term or geographic name entry element |
Plant Systematics/Taxonomy/Biogeography. |
| Authority record control number or standard number |
https://scigraph.springernature.com/ontologies/product-market-codes/L24051 |
| 9 (RLIN) |
132690 |
| 650 24 - SUBJECT ADDED ENTRY--TOPICAL TERM |
| Topical term or geographic name entry element |
Remote Sensing/Photogrammetry. |
| Authority record control number or standard number |
https://scigraph.springernature.com/ontologies/product-market-codes/J13010 |
| 9 (RLIN) |
132691 |
| 700 1# - ADDED ENTRY--PERSONAL NAME |
| Personal name |
Egamberdieva, Dilfuza, |
| Relator term |
editor. |
| 9 (RLIN) |
132692 |
| 700 1# - ADDED ENTRY--PERSONAL NAME |
| Personal name |
Öztürk, Münir, |
| Relator term |
editor. |
| 9 (RLIN) |
132640 |
| 776 08 - ADDITIONAL PHYSICAL FORM ENTRY |
| Relationship information |
Print version: |
| Title |
Vegetation of Central Asia and environs |
| International Standard Book Number |
9783319997278 |
| Record control number |
(DLC) 2018960829 |
| 776 08 - ADDITIONAL PHYSICAL FORM ENTRY |
| Relationship information |
Printed edition: |
| International Standard Book Number |
9783319997278 |
| 776 08 - ADDITIONAL PHYSICAL FORM ENTRY |
| Relationship information |
Printed edition: |
| International Standard Book Number |
9783319997292 |
| 906 ## - LOCAL DATA ELEMENT F, LDF (RLIN) |
| a |
0 |
| b |
ibc |
| c |
origres |
| d |
u |
| e |
ncip |
| f |
20 |
| g |
y-gencatlg |
| 942 ## - ADDED ENTRY ELEMENTS (KOHA) |
| Source of classification or shelving scheme |
|
| Koha item type |
Book |